[Event "Santo Domingo Independencia op 8th"]
[Site "Santo Domingo"]
[Date "2019.02.16"]
[Round "3"]
[White "Delmonte Arias, Nestor Antonio"]
[Black "Polanco Nunez, Yoel Estarling"]
[Result "0-1"]
[WhiteElo "1832"]
[BlackElo "2238"]
[PlyCount "66"]
[EventDate "2019.02.15"]
[EventType "swiss"]
[EventRounds "8"]
[EventCountry "DOM"]
[SourceTitle "CBM 189 Extra"]
[Source "ChessBase"]
[SourceDate "2019.06.03"]
[SourceVersion "1"]
[SourceVersionDate "2019.06.03"]
[SourceQuality "1"]

1. e4 c5 2. Nf3 d6 3. d4 cxd4 4. Nxd4 Nf6 5. Nc3 a6 6. Be2 e5 7. Nb3 Be7 8. 0-0 0-0 9. f4 Nc6 10. f5 b5 11. Bf3 Bb7 12. g4 d5 13. exd5 Nb4 14. g5 Nfxd5 15. Nxd5 Bxd5 16. c3 e4 17. Bg2 Nd3 18. Qg4 Nxc1 19. Raxc1 Bxg5 20. Rcd1 Qb6+ 21. Kh1 Bxb3 22. Qxg5 f6 23. Qg3 Bxd1 24. Bxe4 Bh5 25. Bd5+ Bf7 26. Bxa8 Rxa8 27. h4 Rd8 28. Rg1 Bd5+ 29. Kh2 Qd6 30. Rd1 Qxg3+ 31. Kxg3 Rd7 32. b3 Bc6 33. Rxd7 Bxd7 0-1

[Event "Santo Domingo Duarte Memorial 7th"]
[Site "Santo Domingo"]
[Date "2018.01.13"]
[Round "2"]
[White "Delmonte Arias, Nestor Antonio"]
[Black "Crispin Ferreras, Darvi Abraham"]
[Result "0-1"]
[WhiteElo "1933"]
[BlackElo "2193"]
[PlyCount "64"]
[EventDate "2018.01.12"]
[EventType "swiss"]
[EventRounds "8"]
[EventCountry "DOM"]
[SourceTitle "CBM 182 Extra"]
[Source "ChessBase"]
[SourceDate "2018.02.23"]
[SourceVersion "1"]
[SourceVersionDate "2018.02.23"]
[SourceQuality "1"]

1. e4 c5 2. Nf3 e6 3. d4 cxd4 4. Nxd4 a6 5. Be2 Nf6 6. Bf3 Qc7 7. 0-0 Bd6 8. g3 h5 9. Nc3 Be5 10. Be3 h4 11. Nce2 Nc6 12. Nxc6 bxc6 13. Bf4 Rb8 14. b3 d5 15. exd5 cxd5 16. Bxe5 Qxe5 17. Re1 hxg3 18. hxg3 Qg5 19. Nf4 Bb7 20. Qd4 Ne4 21. Qa4+ Kf8 22. Qb4+ Kg8 23. Bxe4 dxe4 24. Ng2 Qh5 25. Nh4 g5 26. Rxe4 a5 27. Qd6 Rf8 28. Re5 Qg4 29. Qe7 f6 30. Qxb7 fxe5 31. Ng6 Rh7 32. Qe4 Qxe4 0-1

[Event "Santo Domingo Duarte Memorial 5th"]
[Site "Santo Domingo"]
[Date "2016.01.10"]
[Round "4"]
[White "De Los Santos Nunez, Eddy"]
[Black "Delmonte Arias, Nestor Antonio"]
[Result "1-0"]
[WhiteElo "2164"]
[BlackElo "1973"]
[PlyCount "61"]
[EventDate "2016.01.08"]
[EventType "swiss"]
[EventRounds "8"]
[EventCountry "DOM"]
[SourceTitle "CBM 170 Extra"]
[Source "ChessBase"]
[SourceDate "2016.02.25"]
[SourceVersion "1"]
[SourceVersionDate "2016.02.25"]
[SourceQuality "1"]

1. Nf3 Nf6 2. g3 Nc6 3. c4 e5 4. Nc3 d5 5. cxd5 Nxd5 6. d3 Bb4 7. Bd2 Nxc3 8. bxc3 Bc5 9. Bg2 0-0 10. 0-0 Qe7 11. Rb1 e4 12. dxe4 Qxe4 13. Nd4 Qg6 14. Nxc6 bxc6 15. Qa4 Bd7 16. Bf4 Bb6 17. Rbd1 Bg4 18. Rd2 Rad8 19. Rxd8 Rxd8 20. Rd1 Rxd1+ 21. Qxd1 Qf6 22. Qd2 Bxf2+ 23. Kxf2 g5 24. Qd4 Qxd4+ 25. cxd4 gxf4 26. gxf4 Be6 27. a3 c5 28. dxc5 f5 29. Ke3 Kf7 30. Kd4 Ke7 31. Ke5 1-0

[Event "Santo Domingo Duarte Memorial 5th"]
[Site "Santo Domingo"]
[Date "2016.01.09"]
[Round "3"]
[White "Delmonte Arias, Nestor Antonio"]
[Black "Mileto, Nazareno Pietro"]
[Result "1-0"]
[WhiteElo "1973"]
[BlackElo "1780"]
[PlyCount "63"]
[EventDate "2016.01.08"]
[EventType "swiss"]
[EventRounds "8"]
[EventCountry "DOM"]
[SourceTitle "CBM 170 Extra"]
[Source "ChessBase"]
[SourceDate "2016.02.25"]
[SourceVersion "1"]
[SourceVersionDate "2016.02.25"]
[SourceQuality "1"]

1. e4 c6 2. d4 d5 3. e5 Bf5 4. g4 Bg6 5. h4 h6 6. h5 Bh7 7. e6 g5 8. hxg6 Bxg6 9. Bd3 Qd6 10. Nf3 Qxe6+ 11. Ne5 Bxd3 12. Qxd3 Nd7 13. Bf4 Bg7 14. Qe2 Nxe5 15. dxe5 f5 16. Nd2 fxg4 17. Nb3 Qf5 18. Bg3 e6 19. 0-0-0 h5 20. Rd4 Ne7 21. Rb4 b6 22. Nd4 Qg6 23. Bh4 Bh6+ 24. Kb1 Bg5 25. Bxg5 Qxg5 26. Nxe6 Qg6 27. Nc7+ Kd7 28. Nxa8 Rxa8 29. e6+ Kd6 30. Re1 Qf5 31. Qe3 Re8 32. Rf4 1-0

[Event "Santo Domingo La Raza op"]
[Site "Santo Domingo"]
[Date "2015.10.14"]
[Round "4"]
[White "Beltre, Pedro"]
[Black "Delmonte Arias, Nestor Antonio"]
[Result "1-0"]
[WhiteElo "1841"]
[BlackElo "2003"]
[PlyCount "67"]
[EventDate "2015.10.12"]
[EventType "swiss"]
[EventRounds "8"]
[EventCountry "DOM"]
[SourceTitle "CBM 169 Extra"]
[Source "ChessBase"]
[SourceDate "2015.12.18"]
[SourceVersion "1"]
[SourceVersionDate "2015.12.18"]
[SourceQuality "1"]

1. e4 e5 2. Nf3 Nf6 3. Nc3 Bc5 4. Bc4 Nc6 5. 0-0 d6 6. h3 h5 7. d3 Ng4 8. Nd5 Nd4 9. c3 Ne6 10. b4 Bb6 11. a4 c6 12. Nxb6 axb6 13. d4 Qf6 14. dxe5 Nxe5 15. Nxe5 Qxe5 16. Qf3 g5 17. Bxe6 Bxe6 18. Qg3 g4 19. Qxe5 dxe5 20. hxg4 hxg4 21. Bg5 Bb3 22. a5 Rh5 23. Bf6 bxa5 24. Rxa5 Rxa5 25. bxa5 Kd7 26. Rb1 Bc2 27. Rxb7+ Ke6 28. a6 Bxe4 29. a7 Kxf6 30. a8Q Bd5 31. Qd8+ Kf5 32. Rb4 Rg5 33. Qd7+ Kf6 34. Rxg4 1-0